01771nam a22001337a 4500082000800000100001900008245011400027264003800141300002700179500130500206650003601511700003301547856005701580 a621 aAhmad, Zohaib  aDevelopment And Characterization Hydroxyapatite/Alumina Bio-Composite using Powder Metallurgy /cZohaib Ahmad aIslamabad : bSMME- NUST; c2024. a139p.bSoft Copyc30cm aThis study focused on the preparation of Hydroxyapatite (HAP) and Alumina (Al2O3) biocomposite using the powder metallurgy (PM) technique. HAP is an osteoconductive material with good biocompatibility, widely used in biomedical applications. However, it has a major drawback, it shows poor mechanical properties, due to which it limits its use in biomedical load-bearing applications such as orthopedic implants. The objective of this study was to create a new material for load-bearing biomedical applications that has a relatively low modulus, sufficient strength, and excellent biocompatibility. This led to the development of the HAP-Alumina bio-composite, which exhibits both good mechanical properties and good osteoconductivity. The microstructure analysis and mechanical testing of the sintered samples were carried out to evaluate its density, macro hardness fracture toughness, and compressive strength. The research findings indicate that the mechanical properties of the composites improve with an increase in the concentration of Al2O3 and decrease with an increase in the amount of HAP. A predicted model equation using DoE was also formed. The composite consisting of 55% HAP and 45% Alumina was found to be optimal for biomedical applications when sintered at 1250°C for 120 minutes. aMS Mechanical Engineering  aSupervisor : Dr. Sadaqat Ali uhttp://10.250.8.41:8080/xmlui/handle/123456789/43377